Catalog

Record Details

Catalog Search



The book of Revelation : What are we waiting for? Cover Image Book Book

The book of Revelation : What are we waiting for? Robert Mounce

Mounce, Robert (Author).

Record details

  • ISBN: 0-89191-129-4
  • Physical Description: 168 p.
  • Publisher: Elgin, Illinois David C. Cook 1979

Available copies

  • 1 of 1 copy available at Common Catalog SPOK.

Holds

  • 0 current holds with 1 total copy.
Show Only Available Copies
Location Call Number / Copy Notes Barcode Shelving Location Status Due Date
ETS Library 228.06 424470001328 Volný výběr Available -

LDR 00738nam a2 00241
00132465
003CZ-PrJAB
00520030324000000.0
008030324s1979 xxu e |||| |eng
009us
020 . ‡a0-89191-129-4
035 . ‡a(CONS)988
035 . ‡aKPS1083
041 . ‡aeng
08214. ‡a228.06
100 . ‡71231 ‡aMounce, Robert
245 . ‡aThe book of Revelation : ‡bWhat are we waiting for? ‡cRobert Mounce
260 . ‡aElgin, Illinois ‡bDavid C. Cook ‡c1979
300 . ‡a168 p.
490 . ‡aA Layman's commentary and study guide
653 . ‡aWhat are we waiting for? ‡aThe book of revelation - a layman's kommentary and study guide
8524 . ‡bETS ‡bETS ‡cVolný výběr ‡j228.06 ‡gA ‡p424470001328
910 . ‡aABG450
999 . ‡a988 ‡bAUTOGEN ‡c988 ‡tbiblio
905 . ‡uadmin
901 . ‡a32465 ‡b ‡c32465 ‡tbiblio ‡sets

Additional Resources